| 000 | 00406nam a22001697a 4500 | ||
|---|---|---|---|
| 003 | SGT | ||
| 020 | _a9781138034839 | ||
| 082 |
_a615.19 _bG24S |
||
| 100 | _aSHARP,JOHN | ||
| 245 | _aGOOD PHARMACEUTICAL MANUFACTURING PRACTICES | ||
| 250 | _a1ST | ||
| 260 |
_aU.k _bCRC PRESS _c2024 |
||
| 300 | _a503 | ||
| 650 | _aPHARMACY | ||
| 653 | _aGOOD, PHARMACEUTICAL, MANUFACTURING, PRACTICES | ||
| 942 |
_2ddc _cBK |
||
| 999 |
_c27033 _d27033 |
||